[Event "V. Dvorkovich Cup 2015 juniors"]
[Site "Moscow"]
[Date "2015.06.26"]
[Round "4.4"]
[White "Ghukasyan ARM, Siranush"]
[Black "Khomeriki GEO, Nino"]
[Result "0-1"]
[LiveChessVersion "1.4.4"]
[BlackElo "2244"]
[WhiteElo "2054"]

1. e4 {[%clk 1:30:59]} e5 {[%clk 1:30:47]} 2. Nf3 {[%clk 1:31:23]} Nc6
{[%clk 1:31:13]} 3. Bb5 {[%clk 1:31:47]} Nge7 {[%clk 1:31:38]} 4. Nc3
{[%clk 1:32:10]} g6 {[%clk 1:31:35]} 5. d4 {[%clk 1:32:32]} exd4 {[%clk 1:32:02]}
6. Nd5 {[%clk 1:32:58]} Bg7 {[%clk 1:32:28]} 7. Bg5 {[%clk 1:33:23]} h6
{[%clk 1:32:54]} 8. Bf6 {[%clk 1:33:43]} Bxf6 {[%clk 1:33:18]} 9. Nxf6+
{[%clk 1:34:08]} Kf8 {[%clk 1:33:44]} 10. Qd2 {[%clk 1:33:56]} a6
{[%clk 1:32:27]} 11. Ba4 {[%clk 1:30:45]} Kg7 {[%clk 1:31:08]} 12. Nxd4
{[%clk 1:25:06]} Ng8 {[%clk 1:30:01]} 13. Nd5 {[%clk 1:23:17]} Nf6
{[%clk 1:29:01]} 14. O-O-O {[%clk 0:55:00]} Nxe4 {[%clk 1:06:59]} 15. Qf4
{[%clk 0:54:05]} Qg5 {[%clk 1:05:17]} 16. Qxg5 {[%clk 0:53:32]} hxg5
{[%clk 1:03:18]} 17. Nxc7 {[%clk 0:53:39]} Ra7 {[%clk 0:57:35]} 18. Rhe1
{[%clk 0:42:59]} Nf6 {[%clk 0:52:31]} 19. Bb3 {[%clk 0:40:36]} Na5
{[%clk 0:47:20]} 20. Re7 {[%clk 0:33:56]} Nxb3+ {[%clk 0:44:10]} 21. axb3
{[%clk 0:32:52]} g4 {[%clk 0:23:32]} 22. f3 {[%clk 0:26:27]} Rxh2
{[%clk 0:12:36]} 23. fxg4 {[%clk 0:26:33]} Rxg2 {[%clk 0:12:40]} 24. Ne8+
{[%clk 0:18:57]} Kf8 {[%clk 0:11:07]} 25. Rde1 {[%clk 0:19:00]} Ng8 26. R7e5
{[%clk 0:11:36]} d6 {[%clk 0:11:44]} 27. Nxd6 {[%clk 0:11:45]} Bxg4
{[%clk 0:11:32]} 28. Rf1 {[%clk 0:10:14]} b5 {[%clk 0:10:51]} 29. Rg5
{[%clk 0:10:21]} Rd7 {[%clk 0:02:01]} 30. Rxg6 {[%clk 0:10:18]} Bh3
{[%clk 0:02:08]} 31. Rxg2 {[%clk 0:05:23]} Bxg2 {[%clk 0:02:36]} 32. Rxf7+
{[%clk 0:03:53]} Rxf7 {[%clk 0:03:02]} 33. Nxf7 {[%clk 0:04:19]} Kxf7
{[%clk 0:03:29]} 34. c4 {[%clk 0:04:46]} Kf6 {[%clk 0:00:47]} 35. cxb5
{[%clk 0:02:57]} Ke5 {[%clk 0:01:17]} 36. Ne2 {[%clk 0:03:22]} axb5
{[%clk 0:01:43]} 37. Kd2 {[%clk 0:03:46]} Nf6 {[%clk 0:01:53]} 38. Nc3
{[%clk 0:02:53]} Bc6 {[%clk 0:01:23]} 39. Kd3 {[%clk 0:02:40]} Nd7
{[%clk 0:01:32]} 40. Ne2 {[%clk 0:32:39]} Be4+ {[%clk 0:30:56]} 41. Kc3
{[%clk 0:32:56]} Bf3 {[%clk 0:27:07]} 42. Nc1 {[%clk 0:32:04]} Kd5
{[%clk 0:23:19]} 43. Nd3 {[%clk 0:27:51]} Ne5 {[%clk 0:22:56]} 44. Nf4+
{[%clk 0:27:17]} Kd6 {[%clk 0:22:43]} 45. Kb4 {[%clk 0:26:37]} Kc6
{[%clk 0:22:09]} 46. Ne6 {[%clk 0:25:40]} Kb6 {[%clk 0:22:19]} 47. Kc3
{[%clk 0:25:37]} Bg4 {[%clk 0:21:47]} 48. Nf4 {[%clk 0:25:28]} Kc5
{[%clk 0:21:45]} 49. b4+ {[%clk 0:22:58]} Kd6 {[%clk 0:21:55]} 50. b3
{[%clk 0:22:30]} Bf5 {[%clk 0:21:37]} 51. Ne2 {[%clk 0:22:35]} Nc6
{[%clk 0:20:50]} 52. Ng3 {[%clk 0:22:41]} Bg6 {[%clk 0:20:49]} 53. Nf1
{[%clk 0:22:57]} Ke5 {[%clk 0:20:57]} 54. Ne3 {[%clk 0:22:43]} Be4
{[%clk 0:19:42]} 55. Ng4+ {[%clk 0:22:38]} Kf5 {[%clk 0:19:56]} 56. Nf2
{[%clk 0:22:56]} Kf4 {[%clk 0:19:21]} 57. Nd1 {[%clk 0:23:11]} Kf3
{[%clk 0:18:48]} 58. Nb2 {[%clk 0:23:28]} Ke2 {[%clk 0:17:24]} 59. Na4
{[%clk 0:23:43]} bxa4 {[%clk 0:17:15]} 60. bxa4 {[%clk 0:24:07]} Ke3
{[%clk 0:16:04]} 61. b5 {[%clk 0:23:52]} Ne5 {[%clk 0:13:28]} 62. a5
{[%clk 0:23:54]} Bd3 {[%clk 0:13:41]} 63. Kb4 {[%clk 0:23:56]} Kd4
{[%clk 0:13:56]} 64. a6 {[%clk 0:24:19]} Nd7 {[%clk 0:14:10]} 65. Ka5
{[%clk 0:24:22]} Kc5 {[%clk 0:14:32]} 66. a7 {[%clk 0:24:40]} Be4
{[%clk 0:14:42]} 67. Ka6 {[%clk 0:24:32]} Ba8 {[%clk 0:15:07]} 68. Ka5
{[%clk 0:24:57]} Bb7 {[%clk 0:15:28]} 69. Ka4 {[%clk 0:25:11]} Nb6+
{[%clk 0:15:31]} 70. Kb3 {[%clk 0:25:39]} Kxb5 {[%clk 0:15:54]} 71. Kc3
{[%clk 0:26:05]} Nc8 {[%clk 0:16:19]} 72. Kd4 {[%clk 0:26:32]} Nxa7
{[%clk 0:16:45]} 73. Ke5 {[%clk 0:26:58]} Kc5 {[%clk 0:17:07]} 74. Kf4
{[%clk 0:27:12]} Kd4 {[%clk 0:17:31]} 75. Kf5 {[%clk 0:27:38]} Bd5
{[%clk 0:17:54]} 76. Kf4 {[%clk 0:28:04]} Be4 {[%clk 0:18:10]} 77. Kg5
{[%clk 0:28:29]} Ke5 {[%clk 0:18:33]} 78. Kh6 {[%clk 0:28:55]} Nc6
{[%clk 0:18:26]} 79. Kg7 {[%clk 0:29:19]} Ke6 {[%clk 0:18:41]} 80. Kh8
{[%clk 0:29:40]} Kf6 {[%clk 0:18:50]} 81. Kg8 {[%clk 0:30:08]} Ne5
{[%clk 0:18:59]} 82. Kh8 {[%clk 0:30:34]} Nf7+ {[%clk 0:19:22]} 83. Kg8
{[%clk 0:31:00]} Bf5 {[%clk 0:19:39]} 84. Kf8 {[%clk 0:31:16]} Bh7
{[%clk 0:20:05]} 85. Ke8 {[%clk 0:31:42]} Ne5 {[%clk 0:20:09]} 86. Kd8
{[%clk 0:32:06]} Ke6 {[%clk 0:20:28]} 87. Kc7 {[%clk 0:32:29]} Bc2
{[%clk 0:17:38]} 88. Kb6 {[%clk 0:32:52]} Nd3 {[%clk 0:17:27]} 89. Kb5
{[%clk 0:33:19]} Bb3 {[%clk 0:17:54]} 90. Ka5 {[%clk 0:33:32]} Kd6
{[%clk 0:18:10]} 91. Ka6 {[%clk 0:33:59]} Kc6 {[%clk 0:18:17]} 92. Ka5
{[%clk 0:34:26]} Kc5 {[%clk 0:18:15]} 93. Ka6 {[%clk 0:34:55]} Bd5
{[%clk 0:18:41]} 94. Ka5 {[%clk 0:35:20]} Bc6 {[%clk 0:19:00]} 95. Ka6
{[%clk 0:35:41]} Ne5 {[%clk 0:19:17]} 96. Ka5 {[%clk 0:36:04]} Nc4+
{[%clk 0:19:27]} 97. Ka6 {[%clk 0:36:27]} Bd5 {[%clk 0:19:47]} 98. Ka7
{[%clk 0:36:51]} Kc6 {[%clk 0:19:49]} 99. Ka6 {[%clk 0:37:11]} Be6
{[%clk 0:19:07]} 100. Ka7 {[%clk 0:37:38]} Bc8 {[%clk 0:19:22]} 101. Kb8
{[%clk 0:38:02]} Nd6 {[%clk 0:19:36]} 102. Ka7 {[%clk 0:38:27]} Kc7
{[%clk 0:19:58]} 103. Ka8 {[%clk 0:38:52]} Bb7+ 0-1

[Event "V. Dvorkovich Cup 2015 juniors"]
[Site "Moscow"]
[Date "2015.06.26"]
[Round "4.5"]
[White "Vavulin RUS, Maksim"]
[Black "Shahaliyev AZE, Ismayil"]
[Result "1/2-1/2"]
[LiveChessVersion "1.4.4"]
[BlackElo "2368"]
[WhiteElo "2445"]

1. e4 {[%clk 1:30:58]} e6 {[%clk 1:30:56]} 2. d4 {[%clk 1:31:21]} d5
{[%clk 1:31:21]} 3. Nc3 {[%clk 1:31:41]} Bb4 {[%clk 1:31:44]} 4. Nge2
{[%clk 1:31:59]} dxe4 {[%clk 1:32:01]} 5. a3 {[%clk 1:32:22]} Bxc3+
{[%clk 1:32:26]} 6. Nxc3 {[%clk 1:32:41]} Nc6 {[%clk 1:32:48]} 7. d5
{[%clk 1:32:58]} exd5 {[%clk 1:32:58]} 8. Qxd5 {[%clk 1:33:23]} Be6
{[%clk 1:31:48]} 9. Qxe4 {[%clk 1:33:44]} Nf6 {[%clk 1:32:13]} 10. Qh4
{[%clk 1:34:00]} Bf5 {[%clk 1:31:28]} 11. Bb5 {[%clk 1:23:10]} O-O
{[%clk 1:31:21]} 12. O-O {[%clk 1:18:22]} Ne4 {[%clk 1:00:25]} 13. Qxd8
{[%clk 1:13:38]} Rfxd8 {[%clk 1:00:49]} 14. Bd3 {[%clk 1:08:43]} Nd6
{[%clk 0:55:54]} 15. Bxf5 {[%clk 1:05:06]} Nxf5 {[%clk 0:56:17]} 16. Bf4
{[%clk 1:04:53]} Nfd4 {[%clk 0:47:48]} 17. Bxc7 {[%clk 0:57:53]} Rd7
{[%clk 0:48:07]} 18. Bf4 {[%clk 0:58:09]} Nxc2 {[%clk 0:48:28]} 19. Rad1
{[%clk 0:57:05]} N2d4 {[%clk 0:48:33]} 20. f3 {[%clk 0:53:25]} Rad8
{[%clk 0:45:02]} 21. Kf2 {[%clk 0:53:38]} f6 {[%clk 0:41:36]} 22. g4
{[%clk 0:43:58]} Kf7 {[%clk 0:35:15]} 23. h3 {[%clk 0:42:34]} Ne6
{[%clk 0:30:13]} 24. Be3 {[%clk 0:41:26]} Ne5 {[%clk 0:28:01]} 25. Rxd7+
{[%clk 0:39:03]} Rxd7 {[%clk 0:28:21]} 26. Rd1 {[%clk 0:38:42]} Rxd1
{[%clk 0:26:03]} 27. Nxd1 {[%clk 0:37:43]} Nd3+ {[%clk 0:22:13]} 28. Ke2
{[%clk 0:33:49]} Ndf4+ {[%clk 0:22:32]} 29. Kd2 {[%clk 0:34:06]} a6
{[%clk 0:22:51]} 30. h4 {[%clk 0:34:06]} Ng6 {[%clk 0:19:41]} 31. h5
{[%clk 0:31:34]} Ne5 {[%clk 0:20:04]} 32. Ke2 {[%clk 0:31:55]} g6
{[%clk 0:17:57]} 33. Nc3 {[%clk 0:21:19]} gxh5 {[%clk 0:16:03]} 34. gxh5
{[%clk 0:21:38]} Nc4 {[%clk 0:10:33]} 35. Bc1 {[%clk 0:21:21]} b5
{[%clk 0:07:23]} 36. a4 {[%clk 0:20:57]} Nd4+ {[%clk 0:04:14]} 37. Kd3
{[%clk 0:20:54]} Nb3 {[%clk 0:01:00]} 38. axb5 {[%clk 0:19:35]} axb5
{[%clk 0:01:26]} 39. Bh6 {[%clk 0:18:16]} Nc5+ {[%clk 0:01:38]} 40. Kd4
{[%clk 0:47:27]} Ne6+ {[%clk 0:31:43]} 41. Kd5 {[%clk 0:46:16]} Nxb2
{[%clk 0:22:45]} 42. Nxb5 {[%clk 0:46:28]} Nd3 {[%clk 0:19:49]} 43. Ke4
{[%clk 0:45:04]} Ndc5+ {[%clk 0:18:54]} 44. Kf5 {[%clk 0:45:02]} Nb7
{[%clk 0:19:00]} 45. Bc1 {[%clk 0:42:54]} Ng7+ {[%clk 0:14:49]} 46. Kg4
{[%clk 0:43:18]} Ne8 {[%clk 0:14:40]} 47. Ba3 {[%clk 0:42:08]} Na5
{[%clk 0:14:43]} 48. Nd4 {[%clk 0:37:06]} Nc4 {[%clk 0:14:02]} 49. Bc1
{[%clk 0:36:19]} Ne5+ {[%clk 0:12:52]} 50. Kg3 {[%clk 0:35:47]} Ng7
{[%clk 0:11:15]} 51. h6 {[%clk 0:35:04]} Ne6 {[%clk 0:10:58]} 52. Nf5
{[%clk 0:35:11]} 1/2-1/2

[Event "V. Dvorkovich Cup 2015 juniors"]
[Site "Moscow"]
[Date "2015.06.26"]
[Round "4.6"]
[White "Sadikhov AZE, Ulvi"]
[Black "Khanin RUS, Semen"]
[Result "1-0"]
[LiveChessVersion "1.4.4"]
[BlackElo "2405"]
[WhiteElo "2379"]

1. e4 {[%clk 1:30:57]} e5 {[%clk 1:30:55]} 2. Nf3 {[%clk 1:31:23]} Nc6
{[%clk 1:31:21]} 3. Bb5 {[%clk 1:31:41]} Nf6 {[%clk 1:31:41]} 4. Qe2
{[%clk 1:31:13]} d6 {[%clk 1:29:16]} 5. c3 {[%clk 1:31:12]} a6 {[%clk 1:28:19]}
6. Ba4 {[%clk 1:31:15]} Be7 {[%clk 1:27:38]} 7. d3 {[%clk 1:29:22]} O-O
{[%clk 1:27:22]} 8. Nbd2 {[%clk 1:28:32]} b5 {[%clk 1:26:25]} 9. Bb3
{[%clk 1:27:11]} h6 {[%clk 1:22:19]} 10. Nf1 {[%clk 1:25:58]} Be6
{[%clk 1:19:22]} 11. Ng3 {[%clk 1:20:57]} Re8 {[%clk 1:17:57]} 12. Bxe6
{[%clk 1:14:28]} fxe6 {[%clk 1:18:22]} 13. d4 {[%clk 1:12:37]} exd4
{[%clk 1:09:12]} 14. cxd4 {[%clk 1:12:01]} d5 {[%clk 1:05:06]} 15. e5
{[%clk 1:11:13]} Bb4+ {[%clk 0:59:32]} 16. Kf1 {[%clk 1:08:57]} Nh7
{[%clk 0:57:36]} 17. Qc2 {[%clk 1:08:04]} Qd7 {[%clk 0:56:45]} 18. Be3
{[%clk 1:05:44]} Ne7 {[%clk 0:47:12]} 19. Ke2 {[%clk 1:01:50]} Ba5
{[%clk 0:45:20]} 20. Rac1 {[%clk 0:50:02]} Bb6 {[%clk 0:44:18]} 21. Nh4
{[%clk 0:48:00]} Rf8 {[%clk 0:40:50]} 22. Ng6 {[%clk 0:45:43]} Nxg6
{[%clk 0:37:42]} 23. Qxg6 {[%clk 0:46:10]} b4 {[%clk 0:32:38]} 24. Nh5
{[%clk 0:40:53]} Rf7 {[%clk 0:24:37]} 25. f4 {[%clk 0:36:10]} Nf8
{[%clk 0:24:27]} 26. Qc2 {[%clk 0:32:32]} Qb5+ {[%clk 0:24:04]} 27. Kd2
{[%clk 0:30:51]} Rd8 {[%clk 0:20:41]} 28. b3 {[%clk 0:22:21]} c5 {[%clk 0:15:31]}
29. dxc5 {[%clk 0:19:33]} d4 {[%clk 0:15:52]} 30. cxb6 {[%clk 0:15:25]} dxe3+
{[%clk 0:16:17]} 31. Kxe3 {[%clk 0:15:51]} Rfd7 {[%clk 0:16:30]} 32. Rhd1
{[%clk 0:15:10]} Qxb6+ {[%clk 0:16:22]} 33. Kf3 {[%clk 0:15:05]} Rd4
{[%clk 0:11:50]} 34. Rxd4 {[%clk 0:14:43]} Qxd4 {[%clk 0:12:13]} 35. Ng3
{[%clk 0:12:56]} Qd5+ {[%clk 0:09:32]} 36. Kg4 {[%clk 0:11:25]} Rd7
{[%clk 0:08:40]} 37. Qe4 {[%clk 0:09:31]} Qd2 {[%clk 0:08:28]} 38. Rc2
{[%clk 0:08:20]} Qd1+ {[%clk 0:08:53]} 39. Qe2 {[%clk 0:08:31]} Qg1
{[%clk 0:08:49]} 40. h4 {[%clk 0:35:58]} Rf7 {[%clk 0:32:08]} 41. Rc8
{[%clk 0:34:39]} Qd4 {[%clk 0:24:10]} 42. Qe4 {[%clk 0:31:29]} Qf2
{[%clk 0:24:27]} 43. Ra8 {[%clk 0:26:32]} Qxa2 {[%clk 0:23:47]} 44. Qf3
{[%clk 0:21:59]} Qc2 {[%clk 0:19:08]} 45. Ne4 {[%clk 0:20:33]} Rd7
{[%clk 0:18:11]} 46. Nd6 {[%clk 0:19:24]} h5+ {[%clk 0:17:07]} 47. Kh3
{[%clk 0:19:22]} Qg6 {[%clk 0:15:48]} 48. Kh2 {[%clk 0:18:56]} Rc7
{[%clk 0:15:31]} 49. f5 {[%clk 0:19:05]} exf5 {[%clk 0:15:35]} 50. Qd5+
{[%clk 0:19:04]} Kh7 {[%clk 0:15:34]} 51. Rxf8 {[%clk 0:18:45]} Qg4
{[%clk 0:16:00]} 52. Qg8+ {[%clk 0:19:07]} Kh6 {[%clk 0:16:17]} 53. Nxf5+
{[%clk 0:19:29]} 1-0

[Event "V. Dvorkovich Cup 2015 juniors"]
[Site "Moscow"]
[Date "2015.06.26"]
[Round "4.7"]
[White "Elistratov RUS, Semen"]
[Black "Naghdiyev AZE, Niyazi"]
[Result "1-0"]
[LiveChessVersion "1.4.4"]
[BlackElo "2250"]
[WhiteElo "2311"]

1. e4 {[%clk 1:30:59]} c6 {[%clk 1:30:55]} 2. d4 {[%clk 1:31:25]} d5
{[%clk 1:31:21]} 3. exd5 {[%clk 1:31:47]} cxd5 {[%clk 1:31:47]} 4. c4
{[%clk 1:32:07]} Nf6 {[%clk 1:32:11]} 5. Nc3 {[%clk 1:32:33]} e6 {[%clk 1:32:36]}
6. Nf3 {[%clk 1:32:23]} Bb4 {[%clk 1:32:59]} 7. cxd5 {[%clk 1:32:15]} Nxd5
{[%clk 1:33:24]} 8. Bd2 {[%clk 1:32:42]} Nc6 {[%clk 1:33:46]} 9. Bd3
{[%clk 1:32:39]} O-O {[%clk 1:33:39]} 10. O-O {[%clk 1:33:05]} Be7
{[%clk 1:34:04]} 11. Re1 {[%clk 1:33:05]} Bf6 {[%clk 1:30:49]} 12. Nxd5
{[%clk 1:31:24]} exd5 {[%clk 1:25:32]} 13. Ne5 {[%clk 1:31:07]} g6
{[%clk 1:14:30]} 14. Nxc6 {[%clk 1:29:14]} bxc6 {[%clk 1:14:47]} 15. Bb4
{[%clk 1:28:01]} Re8 {[%clk 1:14:51]} 16. Bc5 {[%clk 1:23:06]} Bb7
{[%clk 1:07:12]} 17. Qa4 {[%clk 1:18:04]} a6 {[%clk 1:03:19]} 18. h3 Qd7
{[%clk 1:00:59]} 19. Qa5 {[%clk 1:11:19]} h5 {[%clk 0:52:03]} 20. a4
{[%clk 1:02:19]} Rxe1+ {[%clk 0:47:17]} 21. Rxe1 {[%clk 1:01:00]} Re8
{[%clk 0:45:17]} 22. Rxe8+ {[%clk 0:48:37]} Qxe8 {[%clk 0:45:42]} 23. Qd2
{[%clk 0:47:38]} Kg7 {[%clk 0:43:28]} 24. Qe3 {[%clk 0:46:13]} Qd8
{[%clk 0:39:49]} 25. Qe2 {[%clk 0:44:04]} Qc8 {[%clk 0:39:26]} 26. Bb6
{[%clk 0:38:03]} h4 {[%clk 0:35:28]} 27. Bc5 {[%clk 0:28:51]} Qa8
{[%clk 0:35:09]} 28. g4 hxg3 {[%clk 0:32:50]} 29. fxg3 {[%clk 0:24:18]} Qc8
{[%clk 0:33:02]} 30. Kg2 {[%clk 0:22:37]} Qe6 {[%clk 0:19:20]} 31. h4 Qd7
{[%clk 0:11:03]} 32. Bxa6 {[%clk 0:16:00]} Bxa6 {[%clk 0:10:57]} 33. Qxa6
{[%clk 0:16:26]} Bxh4 {[%clk 0:09:54]} 34. gxh4 {[%clk 0:15:28]} Qg4+
{[%clk 0:10:11]} 35. Kf1 {[%clk 0:14:03]} Qf5+ {[%clk 0:09:38]} 36. Ke1
{[%clk 0:12:17]} Qb1+ {[%clk 0:09:47]} 37. Kf2 {[%clk 0:12:09]} Qf5+
{[%clk 0:05:44]} 38. Ke3 {[%clk 0:11:04]} g5 {[%clk 0:05:02]} 39. hxg5
{[%clk 0:09:08]} Qxg5+ {[%clk 0:05:16]} 40. Kd3 {[%clk 0:33:38]} Qc1
{[%clk 0:35:40]} 41. Qxc6 {[%clk 0:27:05]} Qxb2 {[%clk 0:30:53]} 42. Qxd5
{[%clk 0:25:15]} Qb1+ {[%clk 0:31:18]} 43. Kc3 {[%clk 0:25:13]} Qa1+
{[%clk 0:31:42]} 44. Kb4 {[%clk 0:25:11]} 1-0

[Event "V. Dvorkovich Cup 2015 juniors"]
[Site "Moscow"]
[Date "2015.06.26"]
[Round "4.8"]
[White "Hojjatova AZE, Aydan"]
[Black "Dordzhieva RUS, Dinara"]
[Result "0-1"]
[LiveChessVersion "1.4.4"]
[BlackElo "2263"]
[WhiteElo "2202"]

1. e4 {[%clk 1:30:58]} c5 {[%clk 1:30:25]} 2. Nf3 {[%clk 1:31:25]} d6
{[%clk 1:30:34]} 3. Bb5+ {[%clk 1:31:51]} Bd7 {[%clk 1:31:02]} 4. Bxd7+
{[%clk 1:32:13]} Qxd7 {[%clk 1:31:28]} 5. O-O {[%clk 1:32:38]} Nc6
{[%clk 1:31:35]} 6. c3 {[%clk 1:33:01]} Nf6 {[%clk 1:32:00]} 7. d4
{[%clk 1:33:23]} cxd4 {[%clk 1:22:51]} 8. cxd4 {[%clk 1:33:08]} d5
{[%clk 1:22:56]} 9. e5 {[%clk 1:28:18]} Ne4 {[%clk 1:23:19]} 10. Ne1
{[%clk 1:23:26]} h6 {[%clk 1:21:56]} 11. Be3 {[%clk 1:20:30]} e6 {[%clk 1:17:17]}
12. f3 {[%clk 1:11:10]} Ng5 {[%clk 1:17:33]} 13. Nd3 {[%clk 1:11:18]} b6
{[%clk 1:11:30]} 14. Nd2 {[%clk 1:07:42]} Be7 {[%clk 1:08:52]} 15. a3
{[%clk 0:55:29]} O-O {[%clk 1:01:14]} 16. b4 {[%clk 0:47:26]} Nh7
{[%clk 0:47:50]} 17. Nb3 {[%clk 0:43:59]} a6 {[%clk 0:43:39]} 18. Qd2
{[%clk 0:39:59]} Rfc8 {[%clk 0:39:57]} 19. Qb2 {[%clk 0:34:59]} Nf8
{[%clk 0:38:08]} 20. Bd2 {[%clk 0:34:15]} Na7 {[%clk 0:33:40]} 21. a4
{[%clk 0:25:55]} Rc4 {[%clk 0:33:43]} 22. Qb1 {[%clk 0:19:46]} Nc6
{[%clk 0:27:14]} 23. Qe1 {[%clk 0:17:35]} Rc8 {[%clk 0:23:29]} 24. Bc3
{[%clk 0:12:59]} Ng6 {[%clk 0:15:16]} 25. Rc1 {[%clk 0:12:14]} Nd8
{[%clk 0:12:45]} 26. Ra1 {[%clk 0:02:15]} Rxc3 {[%clk 0:12:00]} 27. Nbc5
{[%clk 0:02:10]} bxc5 {[%clk 0:11:48]} 28. Qxc3 {[%clk 0:02:36]} cxb4
{[%clk 0:12:08]} 29. Qb2 {[%clk 0:02:42]} a5 {[%clk 0:10:48]} 30. Rfc1
{[%clk 0:01:52]} Rc4 {[%clk 0:11:15]} 31. Qf2 {[%clk 0:00:38]} Qa7
{[%clk 0:10:03]} 32. Ra2 {[%clk 0:00:36]} Nxe5 {[%clk 0:08:06]} 33. Rxc4
{[%clk 0:00:38]} Nxd3 {[%clk 0:07:25]} 34. Qc2 {[%clk 0:00:43]} dxc4
{[%clk 0:07:34]} 35. Qxc4 {[%clk 0:01:07]} 0-1

[Event "V. Dvorkovich Cup 2015 juniors"]
[Site "Moscow"]
[Date "2015.06.26"]
[Round "4.9"]
[White "Pranavananda IND, V"]
[Black "Li CHN, Di"]
[Result "0-1"]
[LiveChessVersion "1.4.4"]
[BlackElo "2281"]
[WhiteElo "2246"]

1. e4 {[%clk 1:30:04]} c5 {[%clk 1:30:35]} 2. Nf3 {[%clk 1:30:04]} e6
{[%clk 1:30:53]} 3. g3 {[%clk 1:28:23]} d6 {[%clk 1:30:35]} 4. Bg2
{[%clk 1:28:35]} Nf6 {[%clk 1:30:57]} 5. Qe2 {[%clk 1:22:02]} Be7
{[%clk 1:31:21]} 6. O-O {[%clk 1:22:15]} O-O {[%clk 1:31:45]} 7. d4
{[%clk 1:20:27]} cxd4 {[%clk 1:28:55]} 8. Nxd4 {[%clk 1:20:54]} Nc6
{[%clk 1:21:05]} 9. Nxc6 {[%clk 1:13:51]} bxc6 {[%clk 1:21:33]} 10. e5
{[%clk 1:13:45]} dxe5 {[%clk 1:22:01]} 11. Bxc6 {[%clk 1:10:02]} Rb8
{[%clk 1:22:27]} 12. Qxe5 {[%clk 1:09:41]} Ba6 {[%clk 1:21:44]} 13. Re1
{[%clk 1:09:58]} Ng4 {[%clk 1:21:50]} 14. Qf4 {[%clk 0:50:00]} Rb4
{[%clk 1:22:06]} 15. Qf3 {[%clk 0:49:58]} Bc5 {[%clk 1:21:17]} 16. c3
{[%clk 0:43:16]} Bxf2+ {[%clk 1:20:29]} 17. Kg2 {[%clk 0:43:16]} Bxe1
{[%clk 1:12:41]} 18. cxb4 {[%clk 0:43:43]} Ne5 {[%clk 1:12:41]} 19. Qe4
{[%clk 0:43:07]} Nxc6 {[%clk 1:07:25]} 20. Qxe1 {[%clk 0:42:36]} Qd5+ 0-1

[Event "V. Dvorkovich Cup 2015 juniors"]
[Site "Moscow"]
[Date "2015.06.26"]
[Round "4.10"]
[White "Dai CHN, Changren"]
[Black "Baivab IND, Mishra"]
[Result "1-0"]
[LiveChessVersion "1.4.4"]
[BlackElo "2057"]
[WhiteElo "2295"]

1. e4 {[%clk 1:30:57]} c5 {[%clk 1:30:43]} 2. Nf3 {[%clk 1:31:20]} Nc6
{[%clk 1:31:07]} 3. Nc3 {[%clk 1:31:18]} g6 {[%clk 1:30:24]} 4. d4
{[%clk 1:31:39]} cxd4 {[%clk 1:30:52]} 5. Nxd4 {[%clk 1:31:59]} Bg7
{[%clk 1:31:16]} 6. Be3 {[%clk 1:32:23]} Nf6 {[%clk 1:31:40]} 7. Bc4
{[%clk 1:32:44]} O-O {[%clk 1:32:04]} 8. Bb3 {[%clk 1:33:09]} Qa5
{[%clk 1:32:06]} 9. f3 {[%clk 1:28:33]} d5 {[%clk 1:32:34]} 10. exd5
{[%clk 1:28:04]} Nb4 {[%clk 1:31:59]} 11. Qd2 {[%clk 1:26:15]} Nbxd5
{[%clk 1:31:44]} 12. Nxd5 {[%clk 1:25:19]} Qxd2+ {[%clk 1:32:11]} 13. Kxd2
{[%clk 1:14:17]} Nxd5 {[%clk 1:32:39]} 14. Bxd5 {[%clk 1:14:38]} Rd8
{[%clk 1:32:56]} 15. c4 {[%clk 1:07:38]} e6 {[%clk 1:33:08]} 16. Be4
{[%clk 1:07:31]} f5 {[%clk 1:31:05]} 17. Bc2 {[%clk 1:01:25]} Bxd4
{[%clk 1:31:33]} 18. Bxd4 {[%clk 1:01:47]} Rxd4+ {[%clk 1:32:01]} 19. Kc3
{[%clk 1:02:05]} Rd8 {[%clk 1:32:26]} 20. Rad1 {[%clk 1:01:50]} Bd7
{[%clk 1:32:29]} 21. Rd6 {[%clk 1:00:40]} Kf7 {[%clk 1:32:37]} 22. Rhd1
{[%clk 0:59:04]} Ke7 {[%clk 1:33:06]} 23. f4 {[%clk 0:58:27]} Bc6
{[%clk 1:33:07]} 24. Rxd8 {[%clk 0:58:31]} Rxd8 {[%clk 1:33:36]} 25. Rxd8
{[%clk 0:58:51]} Kxd8 {[%clk 1:34:04]} 26. g3 {[%clk 0:59:15]} Ke7
{[%clk 1:34:23]} 27. Kd4 {[%clk 0:59:24]} Kf6 {[%clk 1:29:27]} 28. b4
{[%clk 0:58:48]} a6 {[%clk 0:18:53]} 29. a4 {[%clk 0:58:25]} Bf3 {[%clk 0:18:22]}
30. a5 {[%clk 0:56:28]} Be2 {[%clk 0:17:51]} 31. Ba4 {[%clk 0:56:42]} Bf3
{[%clk 0:12:03]} 32. Bd7 {[%clk 0:50:44]} Ke7 {[%clk 0:10:16]} 33. Bc8
{[%clk 0:51:03]} Kd6 {[%clk 0:09:59]} 34. b5 {[%clk 0:51:09]} axb5
{[%clk 0:08:26]} 35. cxb5 {[%clk 0:51:37]} Bd5 {[%clk 0:05:51]} 36. a6
{[%clk 0:51:34]} bxa6 {[%clk 0:06:14]} 37. bxa6 {[%clk 0:51:59]} Kc7
{[%clk 0:06:22]} 38. Bb7 {[%clk 0:52:21]} Bb3 {[%clk 0:04:29]} 1-0

[Event "V. Dvorkovich Cup 2015 juniors"]
[Site "Moscow"]
[Date "2015.06.26"]
[Round "4.11"]
[White "Yogit IND, S"]
[Black "Zhang CHN, Jiabao"]
[Result "1/2-1/2"]
[LiveChessVersion "1.4.4"]
[BlackElo "2143"]
[WhiteElo "1951"]

1. e4 {[%clk 1:30:58]} c5 {[%clk 1:30:53]} 2. Nf3 {[%clk 1:31:23]} Nc6
{[%clk 1:31:18]} 3. d4 {[%clk 1:31:47]} cxd4 {[%clk 1:31:43]} 4. Nxd4
{[%clk 1:32:11]} Nf6 {[%clk 1:32:08]} 5. Nc3 {[%clk 1:32:34]} e5 {[%clk 1:31:04]}
6. Ndb5 {[%clk 1:32:53]} d6 {[%clk 1:31:27]} 7. Bg5 {[%clk 1:33:16]} a6
{[%clk 1:31:51]} 8. Na3 {[%clk 1:33:38]} b5 {[%clk 1:32:09]} 9. Nd5
{[%clk 1:34:00]} Be7 {[%clk 1:32:25]} 10. Bxf6 {[%clk 1:34:20]} Bxf6
{[%clk 1:32:43]} 11. c3 {[%clk 1:34:43]} Bg5 {[%clk 1:32:57]} 12. Nc2
{[%clk 1:34:47]} Ne7 {[%clk 1:33:11]} 13. h4 {[%clk 1:33:32]} Bh6
{[%clk 1:33:10]} 14. a4 {[%clk 1:33:18]} bxa4 {[%clk 1:33:22]} 15. Ncb4
{[%clk 1:33:22]} O-O {[%clk 1:33:12]} 16. Qxa4 {[%clk 1:29:10]} a5
{[%clk 1:33:16]} 17. Nxe7+ {[%clk 1:22:57]} Qxe7 {[%clk 1:33:36]} 18. Nd5
{[%clk 1:22:58]} Qb7 {[%clk 1:33:05]} 19. Qb5 {[%clk 1:08:00]} Kh8
{[%clk 1:30:41]} 20. Qxb7 {[%clk 0:59:09]} Bxb7 {[%clk 1:31:08]} 21. Bc4
{[%clk 0:58:54]} f6 {[%clk 1:28:31]} 22. Rh3 {[%clk 0:51:51]} Bc8
{[%clk 1:22:40]} 23. Rd3 {[%clk 0:48:51]} f5 {[%clk 1:20:09]} 24. Nb6
{[%clk 0:43:05]} Rb8 {[%clk 1:18:39]} 25. Rxd6 {[%clk 0:42:43]} fxe4
{[%clk 1:18:33]} 26. Nxc8 {[%clk 0:40:02]} Rfxc8 {[%clk 1:18:33]} 27. b3
{[%clk 0:40:19]} Rd8 {[%clk 1:13:21]} 28. Rad1 {[%clk 0:36:26]} Rf8
{[%clk 1:08:33]} 29. Ra1 {[%clk 0:33:41]} Rbd8 {[%clk 1:06:33]} 30. Rxd8
{[%clk 0:30:43]} Rxd8 {[%clk 1:06:57]} 31. Rd1 {[%clk 0:28:27]} Rxd1+
{[%clk 1:07:05]} 32. Kxd1 {[%clk 0:28:56]} g6 {[%clk 1:07:21]} 33. Ke2
{[%clk 0:29:08]} Bf8 {[%clk 1:05:52]} 34. Bd5 {[%clk 0:29:16]} Kg7
{[%clk 1:02:56]} 35. Bxe4 {[%clk 0:29:09]} h5 {[%clk 1:03:01]} 36. Kd3
{[%clk 0:25:13]} Be7 {[%clk 1:03:22]} 37. Kc4 {[%clk 0:19:29]} Bxh4
{[%clk 1:03:24]} 38. Kb5 {[%clk 0:19:10]} Bxf2 {[%clk 1:01:32]} 39. Kxa5
{[%clk 0:19:26]} Be1 {[%clk 1:01:55]} 40. Kb4 {[%clk 0:49:26]} Kf6
{[%clk 1:32:16]} 41. Kc4 {[%clk 0:49:19]} g5 {[%clk 1:32:40]} 42. b4
{[%clk 0:48:51]} Ke6 {[%clk 1:32:49]} 43. b5 {[%clk 0:47:31]} Bf2
{[%clk 1:32:46]} 44. Kd3 {[%clk 0:44:43]} Bb6 {[%clk 1:32:15]} 45. Bc6
{[%clk 0:45:02]} Kf5 {[%clk 1:30:57]} 46. Bd5 {[%clk 0:42:52]} Kf4
{[%clk 1:30:01]} 47. Bc6 {[%clk 0:42:04]} g4 {[%clk 1:28:14]} 48. Bd5
{[%clk 0:41:31]} h4 {[%clk 1:27:40]} 1/2-1/2